000 00585nam a2200229Ia 4500
003 OSt
005 20220923230117.0
006 a|||||r|||| 00| 0
007 ta
008 Pun
024 _a277,458
037 _cTextual
040 _aARTS
_cARTS
_bPun
041 _2Pun
_aPun
082 _aV236.M5, 153K2
100 _aਸਿੰਘ, ਗੰਡਾ, ਥਦ.
245 0 _aਪੰਜਾਬ
260 _c1962
650 _aਭਾਰਤੀਯ ਇਤਿਹਾਸ
942 _hV236.M5, 153K2
_cTEXL
_2CC
999 _c382529
_d382529